Пособие по техническому переводу (энергетика): учебное пособие для вузов

Bibliographische Detailangaben
1. Verfasser: Тарасова Е. С. Екатерина Сергеевна
Körperschaft: Национальный исследовательский Томский политехнический университет (ТПУ)
Zusammenfassung:Пособие направлено на обучение студентов переводу технической документации с английского языка, а также выявление особенностей перевода патентных описаний, на примере которых выстроена методика обучения пись­менному переводу технической документации.Предназначено для студентов неязыковых специальностей, преподавате­лей дисциплины «Технический перевод», а также студентов, обучающихся по программе «Переводчик в сфере профессиональной коммуникации».
Sprache:Russisch
Englisch
Veröffentlicht: Томск, Изд-во ТПУ, 2015
Schlagworte:
Format: MixedMaterials Buch
KOHA link:https://koha.lib.tpu.ru/cgi-bin/koha/opac-detail.pl?biblionumber=312838

MARC

LEADER 00000nam0a2200000 4500
001 312838
005 20231102002526.0
035 |a (RuTPU)RU\TPU\book\338208 
090 |a 312838 
100 |a 20151229d2015 m y0rusy50 ca 
101 0 |a rus  |a eng 
102 |a RU 
105 |a y j 001zy 
200 1 |a Пособие по техническому переводу (энергетика)  |e учебное пособие для вузов  |d Technical translation Study guide (power engineering)  |f Е. С. Тарасова  |g Национальный исследовательский Томский политехнический университет (ТПУ) 
210 |a Томск  |c Изд-во ТПУ  |d 2015 
215 |a 69 с. 
320 |a Библиогр.: с. 64-65. 
330 |a Пособие направлено на обучение студентов переводу технической документации с английского языка, а также выявление особенностей перевода патентных описаний, на примере которых выстроена методика обучения пись­менному переводу технической документации.Предназначено для студентов неязыковых специальностей, преподавате­лей дисциплины «Технический перевод», а также студентов, обучающихся по программе «Переводчик в сфере профессиональной коммуникации». 
510 1 |a Technical translation Study guide (power engineering)  |z eng 
606 1 |a Английский язык  |x Учебные руководства и пособия для высшей школы  |x Пособия по стилистике, переводу  |2 stltpush  |3 (RuTPU)RU\TPU\subj\67887  |9 83516 
610 1 |a труды учёных ТПУ 
610 1 |a техническая литература 
610 1 |a технический перевод 
610 1 |a энергетика 
610 1 |a патенты 
610 1 |a научно-технический перевод 
686 |a Ш143.21-923.7  |v LBC/SL-A  |2 rubbk 
700 1 |a Тарасова  |b Е. С.  |c лингвист  |c доцент Томского политехнического университета, кандидат педагогических наук  |f 1984-  |g Екатерина Сергеевна  |2 stltpush  |3 (RuTPU)RU\TPU\pers\31731 
712 0 2 |a Национальный исследовательский Томский политехнический университет (ТПУ)  |c (2009- )  |2 stltpush  |3 (RuTPU)RU\TPU\col\15902 
801 1 |a RU  |b 63413507  |c 20151229 
801 2 |a RU  |b 63413507  |c 20160114  |g RCR 
900 |a Перевод в сфере техники и технологий 
900 |a Переводоведение 
942 |c BK